=LDR 00000nam 2200000 4500 =001 INLIS000000000015893 =005 20130612111149 =008 ***********************************Ind** =035 ##$$0010-061300000015893 =041 ##$$a Ind =082 ##$$a 340.076 =090 ##$$a 340.076, Sur h =100 ##$$a Suroso, R =245 ##$$a Himpunan soal dan jawaban ujian Negara cicilan, Ujian tengah semester pengantar ilmu hukum (th. 1990-th. 1996), R. Soeroso SH =260 ##$$a 1999 $b Jakarta =300 ##$$a IX-165 hlm., 21 cm =650 ##$$a Hukum Tanya Jawab =850 ##$$a NBPNMAT